00257nam a2200109Ia 4500008004100000041000800041082002100049100001700070245001400087260003700101300000900138230411s9999 xx 000 0 und d aeng aX/891/TIB/B07320 aTibile Anant aAgnirekha bRiya PublicationaKolhapurc2012 a440p